Australia 2023 World Cup Squad - Statistics

General Stats
  • This quiz has been taken 22 times
  • The average score is 12 of 15
Answer Stats
Hint Answer % Correct
BWL Mitchell Starc
100%
BWL Adam Zampa
91%
WK Alex Carey
91%
ALR Glenn Maxwell
91%
BWL Josh Hazlewood
91%
WK Josh Inglis
91%
BWL (C) Patrick Cummins
91%
BAT Steven Smith
91%
BAT Travis Head
91%
ALR Marcus Stoinis
82%
ALR Mitchell Marsh
82%
BAT David Warner
73%
ALR Cameron Green
64%
BWL Sean Abbott
64%
BWL Ashton Agar
55%
No matching quizzes found
Score Distribution
Percent of People with Each Score
Percentile by Number Answered
Your Score History
You have not taken this quiz